Normal view MARC view
  • Bittel, Lester R.

Entry Personal Name

Number of records used in: 4

001 - CONTROL NUMBER

  • control field: 12512

003 - CONTROL NUMBER IDENTIFIER

  • control field: NUST

005 - DATE AND TIME OF LATEST TRANSACTION

  • control field: 20181031044816.0

008 - FIXED-LENGTH DATA ELEMENTS

  • fixed length control field: 181031|| aca||aabn | a|a d

040 ## - CATALOGING SOURCE

  • Original cataloging agency: NUST
  • Transcribing agency: NUST

100 ## - HEADING--PERSONAL NAME

  • Personal name: Bittel, Lester R.

670 ## - SOURCE DATA FOUND

  • Source citation: Work cat.: (NUST)0: Bittel, Lester R., The McGraw-Hill 36-hour management course /, c1989.
© 2023 Central Library, National University of Sciences and Technology. All Rights Reserved.